Konföderierte Staaten der USA - Statistiken

Allgemein
  • Dieses Quiz wurde 287 mal gespielt
  • Das Durchschnittsergebnis liegt bei 7 aus 11
Antworten auf der Karte
Die Antworten werden auf der Karte rot bzw. grün angezeigt, abhängig davon wie oft sie richtig erraten wurden.
 
Antwortstatistiken
Antwort % Korrekt
Florida
89%
Texas
84%
Süd-Carolina
67%
Tennessee
66%
North Carolina
65%
Louisiana
64%
Georgia
60%
Alabama
59%
Virginia
55%
Arkansas
54%
Mississippi
49%
Keine übereinstimmenden Quizze gefunden
Verteilung der Resultate
Anzahl Personen mit jedem Resultat
Perzentil nach korrekt beantworteten Fragen
Ihre Resultats-Entwicklung
Sie haben dieses Quiz noch nicht gespielt